LEADER 04659nam 2200613 450 001 9910465101403321 005 20200520144314.0 010 $a1-55238-846-8 035 $a(CKB)3710000000666543 035 $a(EBL)4530358 035 $a(OOCEL)467970 035 $a(OCoLC)939203557 035 $a(CaBNVSL)kck00236820 035 $a(MiAaPQ)EBC4530358 035 $a(MiAaPQ)EBC4952080 035 $a(Au-PeEL)EBL4530358 035 $a(CaPaEBR)ebr11213053 035 $a(Au-PeEL)EBL4952080 035 $a(CaONFJC)MIL921072 035 $a(EXLCZ)993710000000666543 100 $a20160205d2016 uy 0 101 0 $aeng 135 $aur|n|---||||| 181 $ctxt$2rdacontent 181 $2rdacontent 182 $2rdamedia 183 $2rdacarrier 200 00$aFrom Kinshasha to Kandahar $eCanada and fragile states in historical perspective /$fedited by Michael K. Carroll and Greg Donaghy 205 $a1st ed. 210 1$aCalgary, Alberta :$cUniversity of Calgary Press,$d[2016] 210 2$aOttawa, Ontario :$cCanadian Electronic Library,$d2016. 215 $a1 online resource (306 p.) 225 1 $aBeyond boundaries : Canadian defence and strategic studies series,$x1716-2645 ;$vno. 6 300 $aIssued as part of the Canadian Electronic Library. Canadian publishers collection. 311 $a1-55238-844-1 320 $aIncludes bibliographical references and index. 327 $aIntroduction / Michael K. Carroll and Greg Donaghy -- Responding to Failed and Fragile States: The Evolution of Canadian Policy / Tom Keating -- Present at the Creation? Canada, United Nations' Intervention, and the Congo as a Failed State, 1960-64 / Kevin A. Spooner -- The Politics of African Intervention: Canada and Biafra, 1967-70 / Stephanie Bangarth -- Failing Fragile States: Canada and East Timor / David Webster -- Entangled: Canadian Engagement in Haiti, 1968-2010 / Andrew S. Thompson -- Diagnostic Confusion and Missed Opportunities: Canada and Pakistan's "Failed State" / Julian Schofield -- Bosnia: From Failed State to Functioning State / Duane Bratt -- Six Years in Kandahar: Understanding Canada's Multidimensional Effort to Build a Sustainable Afghan State / Stephen M. Saideman -- Canada and Fragile States in the Americas / Jean Daudelin -- Corporate Social Responsibility in Fragile and Stable States: Dilemmas and Opportunities in South Sudanand Ghana / Hevina S. Dashwood -- Conclusion / Darren Brunk. 330 $a"Failed or fragile states are those that are unable or unwilling to provide a socio-political framework for citizens and meet their basic needs. They are a source of terrorism and international crime, as well as incubators of infectious disease, environmental degradation, and unregulated mass migration. Canada's engagement with countries such as the Congo, East Timor, Bosnia, and Afghanistan underlines the commitment of successive Canadian governments to addressing the threats posed to Western security by state fragility. From Kinshasa to Kandahar: Canada and Fragile States in Historical Perspective brings together leading Canadian historians and political scientists to explore Canada's historic relationship with fragile states. The collection spans the period from the 1960s to the present and covers a geographical range that stretches from the Middle East to Latin America to Southeast Asia. Authors embrace a variety of approaches and methodologies, including traditional archival historical research, postmodern textual analysis, oral history, and administrative studies to chronicle and explain Canada's engagement with fragile and failed states. This collection reflects the growing public interest in the issue of failed states, which are of increasing concern to Canadian policymakers and are making headlines on the world stage. It helps explain the historic forces that have shaped Canadian policy towards failed and fragile states, and provides a platform for a national discussion about Canada's future role addressing state fragility."--$cProvided by publisher. 410 0$aBeyond boundaries series,$x1716-2645 ;$vno. 6. 606 $aFailed states$xHistory$y20th century 607 $aFailed states$xHistory$y21st century 607 $aCanada$xForeign relations$y1945- 608 $aElectronic books. 615 0$aFailed states$xHistory 676 $a327.7109/045 702 $aDonaghy$b Greg$f1961- 702 $aCarroll$b Michael K$g(Michael Kiernan), 801 0$bMiAaPQ 801 1$bMiAaPQ 801 2$bMiAaPQ 906 $aBOOK 912 $a9910465101403321 996 $aFrom Kinshasha to Kandahar$91923363 997 $aUNINA LEADER 01151nas 2200373-a 450 001 996321512903316 005 20240413025449.0 011 $a2424-6050 035 $a(CKB)991042728071888 035 $a(CONSER)--2002210335 035 $a(EXLCZ)99991042728071888 100 $a20021211a19909999 --- - 101 0 $alit 200 00$aTeis? /$fVilniaus universitetas 210 $aVilnius $cVilniaus universitato leidykla 215 $a1 online resource 225 1 $aMokslo darbai = Research papers 300 $aRefereed/Peer-reviewed 311 $aPrint version: Teis? / (DLC) 2002210335 (OCoLC)51205906 1392-1274 410 0$aMokslo darbai (Vilniaus Universitetas) 517 1 $aLaw 531 0 $aTeis? 606 $aLaw$zLithuania$vPeriodicals 606 $aLaw$2fast$3(OCoLC)fst00993678 607 $aLithuania$2fast$1https://id.oclc.org/worldcat/entity/E39QbtfRjqJJRw6fkWmWJqYpmM 608 $aPeriodicals.$2fast 615 0$aLaw 615 7$aLaw. 712 02$aVilniaus Universitetas. 906 $aJOURNAL 912 $a996321512903316 920 $aexl_impl conversion 996 $aTeis?$92197275 997 $aUNISA